00924nam a22002537a 45000010005000000030006000050050017000110080041000280200018000690400029000870500016001160820012001321000023001442450045001672600038002123000044002504900017002945050008003115200267003195210020005865210020006066500023006266500021006499625FISKH20260128092005.0260126b cb ||||| |||| 00| 0 eng d a9780552166591 aFISKHbengcFISKHdFISKH aPR6066 .R34 a823.914 aPratchett , Terry  aThe color of magic /cBy Terry Pratchett aLondon :bCorgi Books ,c 1983 .  a287 pages : billustrations ;c20 cm .  aDiscworldv1 aX  aOn a world supported on the back of a giant turtle, a gleeful, explosive, wickedly eccentric expedition sets out. There's an avaricious but inept wizard, a naive tourist whose luggage moves on hundreds of dear little legs, and of course 'the edge' of the planet.8 a890 bLexile 8 aX bRaz-Plus  aDiscworldvFiction aFantasyvFiction